Class, politics and agrarian policies in post-liberalisation India (Record no. 25249)
[ view plain ]
| 000 -LEADER | |
|---|---|
| fixed length control field | 01069 a2200157 4500 |
| 020 ## - INTERNATIONAL STANDARD BOOK NUMBER | |
| ISBN | 9781108416283 |
| 082 ## - DEWEY DECIMAL CLASSIFICATION NUMBER | |
| Classification number | 320.954 |
| Item number | GUP-C |
| 100 ## - MAIN ENTRY--AUTHOR NAME | |
| Personal name | Gupta, Sejuti Das |
| 245 ## - TITLE STATEMENT | |
| Title | Class, politics and agrarian policies in post-liberalisation India |
| 260 ## - PUBLICATION, DISTRIBUTION, ETC. (IMPRINT) | |
| Name of publisher | Cambridge University Press |
| Year of publication | 2019 |
| Place of publication | Cambridge |
| 300 ## - PHYSICAL DESCRIPTION | |
| Number of Pages | xv, 303p. |
| 504 ## - BIBLIOGRAPHY, ETC. NOTE | |
| Bibliography, etc | Includes Bibliography and Index |
| 520 ## - SUMMARY, ETC. | |
| Summary, etc | The book visits the idea of New India, studying how the political economy of India has changed significantly in post-liberalisation India. The book challenges the notion that all farmers in India are in agrarian distress, showing that some classes of farmers have gained under policies; it helps understand why farmer movement has weakened and control of industrial capitalist class has been bolstered. The book discusses the growing presence of petty bourgeoisie with both old and new fractions thriving. Gujarat and Karnataka are instances of these two kinds of fractions. |
| 650 ## - SUBJECT ADDED ENTRY--TOPICAL TERM | |
| Topical Term | Social classes |
| Form subdivision | Politics and government |
| -- | Agriculture and state |
| Geographic subdivision | India |
| 942 ## - ADDED ENTRY ELEMENTS (KOHA) | |
| Source of classification or shelving scheme | Dewey Decimal Classification |
| Koha item type | Books |
| Withdrawn status | Lost status | Damaged status | Not for loan | Home library | Current library | Date acquired | Source of acquisition | Cost, normal purchase price | Bill Date | Full call number | Accession Number | Cost, replacement price | Price effective from | Koha item type |
|---|---|---|---|---|---|---|---|---|---|---|---|---|---|---|
| NASSDOC Library | NASSDOC Library | 06/09/2019 | OP | 653.35 | 2019-09-04 | 320.954 GUP-C | 50474 | 895.00 | 06/09/2019 | Books |
